| 000 | 01998nam0a2200397 4500 | ||
|---|---|---|---|
| 001 | RU\NLR\bibl\1775480 | ||
| 005 | 20260408025705.0 | ||
| 010 |
_a978-5-901440-64-3 _9300 |
||
| 021 |
_aRU _b2011-35965 _92566 |
||
| 035 | _a(nilc)RSL-KNO-004945382 | ||
| 035 | _a(NLR Aleph) 001766246 | ||
| 090 |
_a1609438 _c1609438 |
||
| 100 | _a20110523d2011 |||y0rusy50 ca | ||
| 101 | 0 | _arus | |
| 102 | _aRU | ||
| 105 | _aa ||||||||| | ||
| 200 | 1 |
_aВопросы герпетологии _dThe problems of herpetology _eматериалы Четвертого съезда Герпетологического общества им. А. М. Никольского, 12-17 октября 2009 г., Казань _fРос. акад. наук, Герпетологического о-во им. А. М. Никольского [и др.] _gредкол.: Н. Б. Ананьева (гл. ред.) и др. _zeng |
|
| 210 |
_aСанкт-Петербург _cРусская коллекция _d2011 |
||
| 215 |
_a334 с. _cил., портр., табл. _d20 |
||
| 300 | _aВ надзаг. также: Зоол. ин-т, Казан. гос. ун-т | ||
| 320 | _aБиблиогр. в конце докл. | ||
| 510 | 0 |
_aThe problems of herpetology _zeng |
|
| 606 | 1 |
_aГерпетология _jСъезды, совещания и т.п. _91401818 _3RU\NLR\auth\66277640 |
|
| 686 |
_aЕ693.34я431(2) _2rubbk |
||
| 686 |
_aЕ693.33я431(2) _2rubbk |
||
| 686 | _aЕ693.34я431(2) | ||
| 702 | 1 |
_4340 _7ca _8rus _aАнаньева _bН. Б. _f1946- _gНаталия Борисовна _9218603 _3RU\NLR\AUTH\770218659 |
|
| 711 | 0 | 2 |
_aГерпетологическое общество им. А. М. Никольского _cСанкт-Петербург _bСъезд _d4 _f2009 _eКазань _3RU\NLR\AUTH\8810186935 _9867833 |
| 801 | 0 |
_aRU _bRuMoRKP _c20110523 _grcr |
|
| 801 | 1 |
_aRU _bРГБ _c20110523 |
|
| 801 | 2 |
_aRU _bNLR _c20110602 _grcr |
|
| 942 | _cBOOK | ||
| 980 | _aNB | ||
| 980 | _aNBR | ||